Catálogo público

Preparación de becerros para exportación en praderas asociadas de ballico anual (Lolium multiflorum) - trébol alejandrino (Trifolium alexandrinum) en el Valle del Guadiana, Dgo. / (Record no. 168504)

MARC details
000 -CABECERA
campo de control de longitud fija 00999nam a2200301Ia 4500
001 - NÚMERO DE CONTROL
campo de control Z_5431
003 - IDENTIFICADOR DEL NÚMERO DE CONTROL
campo de control CHAP
008 - DATOS DE LONGITUD FIJA--INFORMACIÓN GENERAL
campo de control de longitud fija 220113s2006 xx 000 0 und d
010 ## - NÚMERO DE CONTROL DE LA BIBLIOTECA DEL CONGRESO
Número de control de LC 168504
040 ## - FUENTE DE LA CATALOGACIÓN
Centro/agencia transcriptor CHAP
090 ## - LOCALMENTE ASIGNADO TIPO-LC NÚMERO DE CLASIFICACIÓN (OCLC); NÚMERO DE CLASIFICACIÓN LOCAL (RLIN)
Número de clasificación (OCLC) (R) ; Numero de clasificación, CALL (RLIN) (NR) Tesis V 1949
100 ## - ENTRADA PRINCIPAL--NOMBRE DE PERSONA
Nombre de persona Vargas Martínez, Modesto
9 (RLIN) 118050
245 ## - MENCIÓN DE TÍTULO
Título Preparación de becerros para exportación en praderas asociadas de ballico anual (Lolium multiflorum) - trébol alejandrino (Trifolium alexandrinum) en el Valle del Guadiana, Dgo. /
Mención de responsabilidad, etc. Modesto Vargas Martínez
260 ## - PUBLICACIÓN, DISTRIBUCIÓN, ETC.
Lugar de publicación, distribución, etc. Chapingo, Méx. :
Nombre del editor, distribuidor, etc. El autor,
Fecha de publicación, distribución, etc. 2006
300 ## - DESCRIPCIÓN FÍSICA
Extensión 64 h.
502 ## - NOTA DE TESIS
Nota de tesis Tesis (Ing. Agr. Esp. en Zootecnia) -- UACH. Departamento de Zootecnia
650 ## - PUNTO DE ACCESO ADICIONAL DE MATERIA--TÉRMINO DE MATERIA
Término de materia o nombre geográfico como elemento de entrada Becerros
Subdivisión general Alimentación
9 (RLIN) 11172
650 ## - PUNTO DE ACCESO ADICIONAL DE MATERIA--TÉRMINO DE MATERIA
Término de materia o nombre geográfico como elemento de entrada Becerros
Subdivisión general Exportación
9 (RLIN) 11182
650 ## - PUNTO DE ACCESO ADICIONAL DE MATERIA--TÉRMINO DE MATERIA
Término de materia o nombre geográfico como elemento de entrada Becerros
Subdivisión general Pastoreo
9 (RLIN) 11186
650 ## - PUNTO DE ACCESO ADICIONAL DE MATERIA--TÉRMINO DE MATERIA
Término de materia o nombre geográfico como elemento de entrada Lolium multiflorum
9 (RLIN) 67504
650 ## - PUNTO DE ACCESO ADICIONAL DE MATERIA--TÉRMINO DE MATERIA
Término de materia o nombre geográfico como elemento de entrada Trifolium repens
9 (RLIN) 114948
901 ## - ELEMENTOS DE DATOS A LOCAL LDA (RLIN)
a TESIS V 1949
902 ## - ELEMENTOS DE DATOS B LOCAL, LDB (RLIN)
a M
910 ## - DATOS DE OPCIÓN DEL USUARIO (OCLC)
Datos de opción del usuario 2006
942 ## - ELEMENTOS DE PUNTO DE ACCESO ADICIONAL (KOHA)
Tipo de ítem Koha Tesis_
942 ## - ELEMENTOS DE PUNTO DE ACCESO ADICIONAL (KOHA)
Tipo de ítem Koha Tesis_
Holdings
Estado de retiro Estado de pérdida Estado dañado No para préstamo Localización permanente Ubicación/localización actual Ubicación en estantería Fecha de adquisición Información codificada de la localización en otra ubicación Total de préstamos Código de barras Fecha visto por última vez Número de copia Precio válido a partir de Tipo de ítem Koha Nota pública
        Zootecnia Zootecnia   18/08/2006 2   z_T 0442 18/01/2022 1 18/01/2022 Tesis_ 3
        Zootecnia Zootecnia   18/08/2006 2   z_T 0443 18/01/2022 2 18/01/2022 Tesis_ 3